000 00708nam a2200169Ia 4500
008 220216s9999 xx 000 0 und d
100 _aJacob J.[a]
245 0 _aExcess light aggravates the harmful effects of drought and chilling stresses in green leaves of natural rubber (Hevea brasiliensis)
260 _bSecond International Congress of Plant Physiology on Sustainable Plant Productivity under Changing Environment, 8-12 January 2003, Indian Agricultural Research Institute, New Delhi, India, pp.556.
_c2003
650 _aAbiotic stress
650 _aChlorophyll fluorescence
700 _aAlam B.
700 _aAnnamalainathan K.
700 _aNair D.B.
700 _aSreelatha S.
942 _cBS
999 _c52500
_d52500